00481nam a2200157 a 450000100100000000500170001000800410002704000250006808200180009310000210011124500510013226000300018330000280021365000430024165000390028400002308220240513194432.0101126s1981 mx a r 001 0 spa d aDO-SdBNPbspacBNPHU a004.33bG799c1 aGreene, James H.10aControl de la producción /cJames H. Greene. aMéxico :bDiana,c1981. a710 p. :bil. ;c24 cm. 0aProcesamiento electrónico de datos  4aEstructura de datos (computadores)